Sudden Death: First Names of U.S. Presidents - Statistics

General Stats
  • This quiz has been taken 161 times
  • The average score is 11 of 15
Answers on the Grid
Answers color-coded by a green-red scale on the quiz's grid according to % correct below.
Harry
Ebenezer
George
Solomon
James
Martin
Roland
Millard
Jeremiah
Franklin
Cornelius
Chester
Grover
Sylvester
Woodrow
Arnold
Dwight
Chad
Herbert
Jacob
Hugh
Zachary
Bainbridge
Ulrich
Thomas
Hillary
Henry
Barack
Ronald
Daniel
 
Answer Stats
Answer % Correct
George
86%
Harry
83%
Barack
81%
Woodrow
80%
James
79%
Dwight
78%
Ronald
73%
Grover
70%
Thomas
68%
Zachary
66%
Herbert
63%
Millard
63%
Chester
61%
Franklin
61%
Martin
57%
No matching quizzes found
Score Distribution
Percent of People with Each Score
Percentile by Number Answered
Your Score History
You have not taken this quiz